000 01043nam a22003017a 4500
001 BR8203493
003 BR-BrBNA
005 20230928091336.0
007 ta
008 230509b bl.||||| |||| 00| 0 por d
040 _aBR-BrBNA
_bpor
_cBiblioteca Nacional de Agricultura
041 _a(Por)
072 _aE30; E10
_b/G514
090 _ E30 BR8203493
110 1 _aMinisterio da Agricultura, Brasilia, DF (Brasil). Secretaria de Controle Operacional
_96825
245 1 _aRelatorio semestral dos Programas Especiais de Desenvolvimento Regional e Desenvolvimento Comunitario. (Encerramento da Programacao 1981/1982 e inicio da Programacao 1982/1983)[Brasil]
260 3 _aBrasilia, DF (Brasil):
_c1982.
300 _a43 p.
500 _a31 tables
650 _aPROJETO DE DESENVOLVIMENTO
650 _aDESENVOLVIMENTO AGRICOLA
650 _aDESENVOLVIMENTO ECONOMICO
650 _aDESENVOLVIMENTO COMUNITARIO
650 _aCUSTO OPERACIONAL
650 _aFINANCIAMENTO
909 _a202309
_bLucia
_c55
_dLucia Elande
942 _cBK
999 _c33458
_d33458